Metriky produktivity v IT projektoch bakalárska práca

Gespeichert in:
Bibliographische Detailangaben
1. Verfasser: Mick, Dávid
Körperschaft: Fakulta hospodárskej informatiky EU. Katedra aplikovanej informatiky
Weitere Verfasser: Bandurič, Igor, 1980-
Format: Buch
Sprache:Slowakisch
Veröffentlicht: Bratislava 2017
Tags: Tag hinzufügen
Keine Tags, Fügen Sie das erste Tag hinzu!

MARC

LEADER 00000nbm a2200000 4500
001 0233164
005 20180413145702.8
041 0 |a slo 
044 |a SK 
245 1 0 |a Metriky produktivity v IT projektoch  |b bakalárska práca  |c Dávid Mick ; školiteľ: Igor Bandurič 
264 1 |a Bratislava  |c 2017 
300 |a 38 s. 
100 1 |a Mick, Dávid 
700 1 |a Bandurič, Igor, 1980- 
710 2 |a Fakulta hospodárskej informatiky EU. Katedra aplikovanej informatiky